A study on fractional integral transforms (Record no. 38006)
[ view plain ]
| 000 -LEADER | |
|---|---|
| fixed length control field | 00434nam a22001577a 4500 |
| 003 - CONTROL NUMBER IDENTIFIER | |
| control field | CUTN |
| 005 - DATE AND TIME OF LATEST TRANSACTION | |
| control field | 20220708083744.0 |
| 008 - FIXED-LENGTH DATA ELEMENTS--GENERAL INFORMATION | |
| fixed length control field | 220623b |||||||| |||| 00| 0 eng d |
| 041 ## - LANGUAGE CODE | |
| Language | English |
| 082 ## - DEWEY DECIMAL CLASSIFICATION NUMBER | |
| Classification number | 510 |
| Item number | KAM |
| 100 ## - MAIN ENTRY--PERSONAL NAME | |
| Personal name | Kamalakkannan, R (R170201) |
| 245 ## - TITLE STATEMENT | |
| Title | A study on fractional integral transforms |
| 260 ## - PUBLICATION, DISTRIBUTION, ETC. (IMPRINT) | |
| Place of publication, distribution, etc | Thiruvarur |
| Name of publisher, distributor, etc | Central University of Tamil Nadu |
| Date of publication, distribution, etc | December 2021 |
| 700 ## - ADDED ENTRY--PERSONAL NAME | |
| Personal name | Roopkumar, R |
| 942 ## - ADDED ENTRY ELEMENTS (KOHA) | |
| Source of classification or shelving scheme | Dewey Decimal Classification |
| Koha item type | Thesis/Dissertation & Project |
| Withdrawn status | Lost status | Source of classification or shelving scheme | Damaged status | Not for loan | Collection code | Home library | Location | Shelving location | Date of Cataloging | Total Checkouts | Full call number | Barcode | Date last seen | Price effective from | Koha item type | Public note |
|---|---|---|---|---|---|---|---|---|---|---|---|---|---|---|---|---|
| Dewey Decimal Classification | Not For Loan | Reference | CUTN Central Library | CUTN Central Library | Thesis, Dissertation & Project | 23/06/2022 | 510 KAM | T055 | 23/06/2022 | 23/06/2022 | Thesis/Dissertation & Project | Thesis- Mathematics |
